Paesi ospitanti Olimpiadi estive - Quiz con mappa - Statistics

Statistiche generali
  • Questo quiz è stato fatto 53 volte
  • Il punteggio medio è 19 su 19
Risposte nella Mappa
Le risposte nella mappa del quiz sottostante sono codificate secondo una scala di colori dal rosso al verde in base alla % di persone che hanno risposto correttamente.
 
Statistiche sulle risposte
Anno Paese % Corretto
1956 2000 Australia
100%
2014 Brasile
100%
2008 Cina
100%
1900 1924 2024 Francia
100%
1936 1972 Germania
100%
1964 2020 Giappone
100%
1960 Italia
100%
1968 Messico
100%
1908 1948 2012 Regno Unito
100%
1980 Russia
100%
1992 Spagna
100%
1904 1932 1984 1996 Stati Uniti
100%
1912 Svezia
100%
1976 Canada
98%
1952 Finlandia
98%
1896 2004 Grecia
98%
1920 Belgio
96%
1928 Paesi Bassi
96%
1988 Corea del Sud
94%
Nessun quiz corrispondente trovato
Distribuzione punteggi
Percentuale di utenti per punteggio
Percentile per numero di risposta
I tuoi punteggi nel tempo
Non hai fatto questo quiz